01131 a2200193 45000010006000000050017000060080041000230030015000640400040000790800149001192450083002680200022003512640033003733000019004065050343004250410008007681000033007768560128008093008020260407155611.0260407a2015 arg spa dAR-UNSa-BCEJYS aAR-UNSa-BCEJYSbspacAR-UNSa-BCEJYS a340.12xTendencias en la teoría del derecho. Escuelas, doctrinas jurídicas. Filosofía del derecho. Teorías sobre el Estado y el derecho 10aDel ajedrez a la cortesíapDworkin y la teoría contemporánea del derecho a978-987-745-010-1 1aBuenos Aires :bAD-HOCc2015 a335 p.c23 cm. a1. El derecho y la filosofía: una nueva agenda en el debate teórico-jurídico - 2. El giro metodológico y la teoría del derecho - 3. Rumbo a la herméneutica de las prácticas jurídicas: Weber y Hart - 4. El desafío del positivismo - 5. Dworkin y la teoría de la interpretación - 6. La nueva conceptografía de Dworkin aspa1 aPorto Macedo Junior, Ronaldo41uhttps://biblioeco.unsa.edu.ar/pmb/images/libros/Teoria Contemporanea del Derecho-l125115.jpgyImagen de portadaqimage/jpeg